000
00224nam a22000857a 4500
008
160809b xxu||||| |||| 00| 0 eng d
100
_9
80
_a
Chhibber C N
245
_a
Basic Mathematics
260
_a
New Delhi
_b
Frank Publication
_c
2012
999
_c
2734
_d
2734